Ghost Songs by Lyrics #1 - Statistics

General Stats
  • This quiz has been taken 78 times
  • The average score is 11 of 18
Answer Stats
Hint Answer % Correct
Your beauty never ever scared me Mary on a Cross
95%
This wretched mischief is now coursing through your souls Rats
91%
There's a sting in the way you kiss me Dance Macabre
88%
It's your burning yearning need to bleed Spillways
82%
She was an evil woman with an evil old soul Elizabeth
78%
But like a mother would save her own child from digging a grave Witch Image
75%
Now who will pray for Babylon Bible
65%
This grave hill stinks of death Body And Blood
60%
Like salting earth with tears of Jesus Respite On The Spitalfields
60%
Evilutionary the optics for us Watcher In The Sky
60%
Our Conjuration Sings Infernal Psalms Con Clavi Con Dio
54%
But now she's rigid, stiff and stale Ghuleh / Zombie Queen
54%
Suffer little children to come unto me [2x] Idolatrine
54%
In midst of sinners kneeling down before His clout Majesty
54%
Raining cats and dogs Crucified
51%
Bearing the old ones´ bastard son Prime Mover
48%
You Share Not The Blood of Our-our-ours La Mantra Mori
32%
When she sees eye to eye with spear Secular Haze
22%
No matching quizzes found
Score Distribution
Percent of People with Each Score
Percentile by Number Answered
Your Score History
You have not taken this quiz